000 00774nam a2200241 i 4500
001 38648
003 ES-MaACL
005 20250829122928.0
007 t|
008 030226s1970 sp ||||1| spa d
080 _a37.02
100 1 _aBurton, William H.
_932793
245 1 0 _aOrientación del aprendizaje /
_cWilliam H. Burton.
260 _aMadrid :
_bMagisterio Español,
_c[1970]
300 _a2 v. ;
_c23 cm.
490 1 _aBiblioteca de ciencias de la educación. Sistemática
504 _aBibliografía: v. 2, p. 980-981.
650 7 _aDidáctica
_2embne
_911880
650 4 _aAprendizaje.
_99924
830 1 0 _aBiblioteca de ciencias de la educación (Magisterio Español)
_9181788
852 _aES-MaACL
_jC-38187-88
999 _c38648
_d38648